Samuel Beckett : a study of theme and structure in three novels and three plays - Molloy, Malone dies, The unnamable and Waiting for Gadot, End-game, Happy days /
Saved in:
| Main Author: | |
|---|---|
| Format: | Thesis Book |
| Language: | English |
| Published: |
1975.
|
| Subjects: | |
| Tags: |
Add Tag
No Tags, Be the first to tag this record!
|
| LEADER | 00827cam a2200229 a 4500 | ||
|---|---|---|---|
| 001 | u141966 | ||
| 003 | SIRSI | ||
| 008 | 920217s1975 si v 00 1 eng m | ||
| 035 | |a AAQ-4542 | ||
| 040 | |a UMM | ||
| 090 | |a PR6003 |b B396ZL | ||
| 100 | 1 | 0 | |a Lall, Ein. |
| 245 | 1 | 0 | |a Samuel Beckett : |b a study of theme and structure in three novels and three plays - Molloy, Malone dies, The unnamable and Waiting for Gadot, End-game, Happy days / |c Ein Lall. |
| 260 | |c 1975. | ||
| 300 | |a 151 leaves ; |c 30 cm. | ||
| 500 | |a Mimeographed. | ||
| 502 | |a Dissertation (M.A.) -- University of Singapore, 1975. | ||
| 504 | |a Bibliography: leaves 145-151. | ||
| 600 | 1 | 0 | |a Beckett, Samuel, |d 1906- |
| 948 | |a 17/02/1992 |b 05/09/2002 | ||
| 596 | |a 1 | ||
| 999 | |a PR6003 B396ZL |w LC |c 1 |i A002855772 |d 7/4/2008 |e 7/4/2008 |l STACKS |m P01UTAMA |n 4 |r Y |s Y |t TESIS |u 18/3/1992 | ||
